| 000 | 00402nam a2200133Ia 4500 | ||
|---|---|---|---|
| 005 | 20260328104311.0 | ||
| 008 | 260328s9999||||xx |||||||||||||| ||und|| | ||
| 100 | _aWujec, Tom | ||
| 245 | 0 |
_aImagene Design Create : _b How Designers Architects, and engineers are Changing our World / _cTom Wujec |
|
| 260 | _bMelcher Media | ||
| 300 | _a336 p. | ||
| 650 | _aDISEÑO INDUSTRIAL - ELEMENTOS | ||
| 942 | _cBK | ||
| 999 |
_c10955 _d10955 |
||